Čo písali košické noviny pred 100 rokmi z archívu Verejnej knižnice Jána Bocatia

Bibliographic Details
Main Author: Ondrejšík, Tomáš, 1986- (Author)
Format: Article
Language:Slovak
Subjects:
Online Access:https://kosice.korzar.sme.sk/c/20781619/vlamaci-v-byte-kosickej-herecky-i-staznost-na-elektrickovu-dopravu.html

MARC

LEADER 00000nab a2200000u 4500
001 vtls011749059
003 SK-MaSNL
005 20260303082055.0
008 180404|2018 xo ||||||| ||00 ||slo|
038 |a KEVKJB 
040 |a KEVKJB  |b slo  |e rda 
041 0 |a slo 
043 |a e-xo--- 
044 |a xo  |c SK 
072 7 |a 908  |x Štúdium oblastí a lokalít všeobecne  |2 konspekt 
080 |a 908  |x (437.672)  |2 2011 
100 1 |a Ondrejšík, Tomáš,  |d 1986-  |4 aut  |9 364203 
245 1 0 |a Čo písali košické noviny pred 100 rokmi  |b z archívu Verejnej knižnice Jána Bocatia  |c spracoval Tomáš Ondrejšík 
300 |b Fotografie 
336 |a text  |b txt  |2 rdacontent 
337 |a bez média  |b n  |2 rdamedia 
338 |a zväzok  |b nc  |2 rdacarrier 
610 2 7 |a Knižnica Právnickej akadémie (Košice, Slovensko)  |2 kevkjb  |9 1086392 
648 7 |a 1918  |2 kevkjb  |9 280681 
650 0 7 |a dobová tlač  |2 kevkjb  |9 835693 
650 0 7 |a dobové fotografie  |2 kevkjb  |9 873477 
651 7 |a Košice (Slovensko)  |2 kevkjb  |9 18694 
773 0 |t Košický večer  |g Roč. 51, č. 11 (2018), s. 13  |x 1336-5320 
852 |a KEVKJB  |b KIS3GCP 
856 4 1 |u https://kosice.korzar.sme.sk/c/20781619/vlamaci-v-byte-kosickej-herecky-i-staznost-na-elektrickovu-dopravu.html 
999 |c 1786708  |d 1788638